Biblioteca ESET

Memoria, verdad, justicia y soberanía : | Corrientes en Malvinas / (Registro nro. 815)

Detalles MARC
000 -CABECERA
fixed length control field 01187cam a22003254a 4500
001 - NUMERO DE CONTROL
control field 15581914
003 - CONTROL NUMBER IDENTIFIER
control field AR-BeUNQ
005 - FECHA Y HORA DE LA ULTIMA TRANSACCION
control field 20251222182633.0
010 ## - LIBRARY OF CONGRESS CONTROL NUMBER
LC control number 2009403835
020 ## - NUMERO INTERNACIONAL NORMALIZADO PARA LIBROS
Número Internacional Normalizado del libro 9789876180160
035 ## - SYSTEM CONTROL NUMBER
System control number (AR-BaFGC)gc1532940001
043 ## - GEOGRAPHIC AREA CODE
Geographic area code lsfk---
-- s-ag---
050 00 - LIBRARY OF CONGRESS CALL NUMBER
Classification number F3031
Item number .M45 2007
245 00 - MENCION DE TITULO
Título Memoria, verdad, justicia y soberanía :
Otra información sobre el título Corrientes en Malvinas /
Mención de responsabilidad, etc Pablo Andrés Vassel [compilador].
250 ## - MENCION DE EDICION
Mención de edición 1. ed.
260 ## - PUBLICACION, DISTRIBUCION, ETC.
Lugar de publicación, distribución, etc. La Plata, Buenos Aires :
Nombre del editor, distribuidor, etc. Ediciones Al Margen,
Fecha de publicación, distribución, etc 2007.
490 0# - MENCION DE SERIE
Mención de serie Colección Memorias ;
Designación numérica/secuencial del volumen 1
650 #0 - ASIENTO SECUNDARIO DE MATERIA - TERMINO TEMATICO
General subdivision Veterans.
651 #0 - ASIENTO SECUNDARIO DE MATERIA - NOMBRE GEOGRAFICO
General subdivision Personal narratives, Argentine.
651 #0 - ASIENTO SECUNDARIO DE MATERIA - NOMBRE GEOGRAFICO
Form subdivision Biography.
700 1# - ASIENTO SECUNDARIO - NOMBRE DE PERSONA
Nombre personal secundario Vassel, Pablo Andrés.
906 ## - LOCAL DATA ELEMENT F, LDF (RLIN)
a 7
b cbc
c origres
d 2
e ncip
f 20
g y-gencatlg
942 ## - ELEMENTOS DE PUNTO DE ACCESO ADICIONAL (KOHA)
Tipo de ítem Koha Libros
Existencias
Estado de retiro Estado de pérdida No para préstamo Ubicación permanente Ubicación actual Ubicación en estantería Fecha de ingreso Total Checkouts Signatura topográfica completa Date last seen Tipo de ítem Koha Inventario
      Biblioteca ESET - UNQ Biblioteca ESET - UNQ CIRCULACION 03/04/2023   997 / VAS 03/04/2023 Libros  
      Biblioteca ESET - UNQ Biblioteca ESET - UNQ CIRCULACION 03/04/2023   997 /VAS 03/04/2023 Libros 60586
      Biblioteca ESET - UNQ Biblioteca ESET - UNQ CIRCULACION 03/04/2023   997/VAS/ 03/04/2023 Libros 60587

ESET UNQ

☏ 4365-7188
 Avenida República de Francia 1714 entre Doctor Kenny y Concordia, Ezpeleta, Bs As.
✉ secretaria_eset@unq.edu.ar

Con tecnología Koha